Statistics for Highest scoring Alliterative Premier League goalscorers ever(ie Christian name and surname begin with same letter)

Click here to take the quiz!

General Stats

  • This quiz has been taken 20 times
  • The average score is 3 of 15

Answer Stats

GoalsAnswer% Correct
104Drogba
83%
111Dublin
50%
52Cole
42%
54Duff
25%
32Jenas
17%
21Sidwell
17%
18Ayew
17%
52Ekoku
8%
42Joachim
8%
37Dunn
8%
25Sessegnon
8%
25Stone
8%
23Arshavin
8%
19Dichio
8%
16Job
8%

Score Distribution

Percentile by Number Answered

Percent of People with Each Score

Your Score History

You have not taken this quiz